Economics (Record no. 5142)

MARC details
000 -LEADER
fixed length control field 00315nam a2200145Ia 4500
008 - FIXED-LENGTH DATA ELEMENTS--GENERAL INFORMATION
fixed length control field 191201s2011 xx 000 0 und d
082 ## - DEWEY DECIMAL CLASSIFICATION NUMBER
Classification number 330
Item number LIE
100 ## - MAIN ENTRY--PERSONAL NAME
Personal name LIPSEY, Richard
245 #0 - TITLE STATEMENT
Title Economics
250 ## - EDITION STATEMENT
Edition statement Rep
260 ## - PUBLICATION, DISTRIBUTION, ETC. (IMPRINT)
Place of publication, distribution, etc N. delhi
Name of publisher, distributor, etc Oxford
Date of publication, distribution, etc 2011
300 ## - PHYSICAL DESCRIPTION
Extent 677
650 ## - SUBJECT ADDED ENTRY--TOPICAL TERM
Topical term or geographic name as entry element MBA
942 ## - ADDED ENTRY ELEMENTS (KOHA)
Source of classification or shelving scheme Dewey Decimal Classification
Koha item type Text Books
942 ## - ADDED ENTRY ELEMENTS (KOHA)
-- 3
Holdings
Withdrawn status Lost status Source of classification or shelving scheme Damaged status Not for loan Collection code Home library Current library Date acquired Source of acquisition Cost, normal purchase price Bill Number Total Checkouts Full call number Acc. no. / Barcode Date last seen Date last borrowed Bill Date Koha item type Checked out Public note
    Dewey Decimal Classification     MBA PIET C-LIBRARY PIET C-LIBRARY 18/02/2012 IBH, New Delhi 375.00 18502 1 330 LIE 18937 30/03/2021 30/03/2021 11/02/2012 Text Books    
    Dewey Decimal Classification     MBA PIET C-LIBRARY PIET C-LIBRARY 18/02/2012 IBH, New Delhi 375.00 18502   330 LIE 18938 04/12/2019   11/02/2012 Text Books    
    Dewey Decimal Classification     MBA PIET C-LIBRARY PIET C-LIBRARY 11/07/2012 IBH, New Delhi 425.00 4894 1 330 LIE 19748 22/01/2022 22/01/2022 04/07/2012 Text Books 21/07/2022 .
    Dewey Decimal Classification     MBA PIET C-LIBRARY PIET C-LIBRARY 11/07/2012 IBH, New Delhi 425.00 4894   330 LIE 19749 04/12/2019   04/07/2012 Text Books    
    Dewey Decimal Classification     MBA PIET C-LIBRARY PIET C-LIBRARY 11/07/2012 IBH, New Delhi 425.00 4894 1 330 LIE 19750 10/07/2021 09/12/2020 04/07/2012 Text Books    
    Dewey Decimal Classification     MBA PIET C-LIBRARY PIET C-LIBRARY 11/07/2012 IBH, New Delhi 425.00 4894   330 LIE 19751 04/12/2019   04/07/2012 Text Books    
    Dewey Decimal Classification     MBA PIET C-LIBRARY PIET C-LIBRARY 11/07/2012 IBH, New Delhi 425.00 4894   330 LIE 19752 04/12/2019   04/07/2012 Text Books    
    Dewey Decimal Classification     MBA PIET C-LIBRARY PIET C-LIBRARY 11/07/2012 IBH, New Delhi 425.00 4894   330 LIE 19753 04/12/2019   04/07/2012 Text Books    
    Dewey Decimal Classification     MBA PIET C-LIBRARY PIET C-LIBRARY 11/07/2012 IBH, New Delhi 425.00 4894   330 LIE 19754 04/12/2019   04/07/2012 Text Books    

Design & Developed by: PIET Central Library
R70 Miles Stone Pattikalyana Samalkha Panipat 132102
mail ID :- [email protected], Phone No:- 0180-2569700 Ex.216